Pravá tvár európskeho spotrebiteľa
Európa vytvára obrovský, ekonomicky silný priestor vo forme spoločného európskeho trhu, na ktorom boli odstránené obchodné bariéry Diferencovaný marketingový prístup. Kultúrne odlišnosti na medzinárodnom trhu. Prístupy hodnotenia európskeho spotrebiteľa. Smerovanie tokov tovarov. Významné zmeny v ur...
Guardado en:
| Autor principal: | |
|---|---|
| Otros Autores: | |
| Formato: | Capítulo de libro |
| Lenguaje: | eslovaco |
| Materias: | |
| Etiquetas: |
Sin Etiquetas, Sea el primero en etiquetar este registro!
|
MARC
| LEADER | 00000naa$a2200000$$$4500 | ||
|---|---|---|---|
| 001 | 0085135 | ||
| 005 | 20240502071952.7 | ||
| 041 | 0 | |a slo | |
| 044 | |a SK | ||
| 245 | 1 | 0 | |a Pravá tvár európskeho spotrebiteľa |c Elena Trenčianska, Otília Zorkóciová |
| 520 | |a Európa vytvára obrovský, ekonomicky silný priestor vo forme spoločného európskeho trhu, na ktorom boli odstránené obchodné bariéry Diferencovaný marketingový prístup. Kultúrne odlišnosti na medzinárodnom trhu. Prístupy hodnotenia európskeho spotrebiteľa. Smerovanie tokov tovarov. Významné zmeny v urbanizácii. Mobilita života. Zaneprázdnenosť. Originalita, úspech a relax. | ||
| 610 | 2 | 0 | |a trh spoločný |
| 610 | 2 | 0 | |a Európska únia |
| 610 | 2 | 0 | |a spotrebitelia |
| 610 | 2 | 0 | |a tovar |
| 610 | 2 | 0 | |a štýl životný |
| 100 | 1 | |a Trenčianska, Elena | |
| 700 | 1 | |a Zorkóciová, Otília, 1954- | |